Study guide to medical - surgical nursing pathophysiological concepts

Kaydedildi:
Detaylı Bibliyografya
Materyal Türü: Kitap
Dil:Undetermined
Baskı/Yayın Bilgisi: Philadelphia W.B.Saunders Co 1986
Konular:
Etiketler: Etiketle
Etiket eklenmemiş, İlk siz ekleyin!
Thư viện lưu trữ: Trung tâm Học liệu Trường Đại học Cần Thơ
LEADER 00447nam a2200157Ia 4500
001 CTU_7701
008 210402s9999 xx 000 0 und d
082 |a 610.73677 
082 |b S933 
245 0 |a Study guide to medical - surgical nursing 
245 0 |b pathophysiological concepts 
260 |a Philadelphia 
260 |b W.B.Saunders Co 
260 |c 1986 
650 |a surgical nursing 
980 |a Trung tâm Học liệu Trường Đại học Cần Thơ